[Event "HUN-chT2 Barcza 1617"]
[Site "Hungary"]
[Date "2017.01.29"]
[Round "7.8"]
[White "Toth, Janos"]
[Black "Balo, Tamas"]
[Result "0-1"]
[WhiteElo "2120"]
[BlackElo "2143"]
[PlyCount "74"]
[EventDate "2016.09.25"]
[EventType "team-tourn"]
[EventRounds "11"]
[EventCountry "HUN"]
[SourceTitle "EXT 2021"]
[Source "ChessBase"]
[SourceDate "2020.10.23"]
[SourceVersion "1"]
[SourceVersionDate "2020.10.23"]
[SourceQuality "1"]
[WhiteTeam "Hajduboszormeny"]
[BlackTeam "Lillafured DVTK II"]
[WhiteTeamCountry "HUN"]
[BlackTeamCountry "HUN"]

1. d4 e6 2. Nf3 b6 3. e4 Bb7 4. Bd3 c5 5. c3 Nf6 6. Qe2 Be7 7. 0-0 Nc6 8. Bg5 cxd4 9. Nxd4 Rc8 10. Nd2 d5 11. e5 Nd7 12. Bxe7 Qxe7 13. f4 g6 14. Nb5 0-0 15. Nd6 Rb8 16. b4 Ba8 17. Nb3 a5 18. a3 Qd8 19. Nd4 Ne7 20. Rac1 Nc8 21. Nxc8 Rxc8 22. Nb5 Nb8 23. Nd6 Rc6 24. Bb5 Rc7 25. Qe3 Re7 26. Rfd1 Qc7 27. c4 dxc4 28. Rxc4 Qa7 29. Nc8 Qb7 30. Nxe7+ Qxe7 31. Qxb6 axb4 32. axb4 Bd5 33. Rcd4 Rc8 34. Be2 Nc6 35. Rc1 Rb8 36. Rxc6 Rxb6 37. Rxb6 Qa7 0-1

[Event "HUN-chT2 Barcza 1617"]
[Site "Hungary"]
[Date "2016.10.30"]
[Round "3.5"]
[White "Balo, Tamas"]
[Black "Kantor, Jozsef"]
[Result "1-0"]
[WhiteElo "2143"]
[BlackElo "1928"]
[PlyCount "83"]
[EventDate "2016.09.25"]
[EventType "team-tourn"]
[EventRounds "11"]
[EventCountry "HUN"]
[SourceTitle "EXT 2021"]
[Source "ChessBase"]
[SourceDate "2020.10.23"]
[SourceVersion "1"]
[SourceVersionDate "2020.10.23"]
[SourceQuality "1"]
[WhiteTeam "Lillafured DVTK II"]
[BlackTeam "Mezokovesd"]
[WhiteTeamCountry "HUN"]
[BlackTeamCountry "HUN"]

1. d4 d5 2. Nf3 Nf6 3. Bg5 g6 4. Bxf6 exf6 5. e3 Bg7 6. g3 0-0 7. Bg2 c6 8. Nbd2 Nd7 9. 0-0 Re8 10. c4 b6 11. Ne1 Bb7 12. cxd5 cxd5 13. Nd3 f5 14. Rc1 Nf6 15. Qb3 Ba6 16. Rfd1 Rc8 17. Nb4 Bb7 18. Rxc8 Bxc8 19. Nxd5 Be6 20. Nxf6+ Bxf6 21. Qa4 a5 22. Rc1 Qb8 23. a3 Rd8 24. Bf3 Bd7 25. Bc6 Rc8 26. Qb5 Qd6 27. d5 Bxc6 28. Rxc6 Rxc6 29. Qxc6 Qxc6 30. dxc6 Bd8 31. Nb3 Kf8 32. Nd4 Ke8 33. Nb5 Be7 34. Kf1 Kd8 35. Ke2 a4 36. Kd3 Bf6 37. Kc2 g5 38. b3 axb3+ 39. Kxb3 g4 40. Kc4 h5 41. Kd5 Bb2 42. Kd6 1-0

[Event "HUN-chT2 Barcza 1617"]
[Site "Hungary"]
[Date "2016.10.09"]
[Round "2.6"]
[White "Balo, Tamas"]
[Black "Kulcsar, Gabor"]
[Result "1-0"]
[WhiteElo "2143"]
[BlackElo "2043"]
[PlyCount "45"]
[EventDate "2016.09.25"]
[EventType "team-tourn"]
[EventRounds "11"]
[EventCountry "HUN"]
[SourceTitle "EXT 2021"]
[Source "ChessBase"]
[SourceDate "2020.10.23"]
[SourceVersion "1"]
[SourceVersionDate "2020.10.23"]
[SourceQuality "1"]
[WhiteTeam "Lillafured DVTK II"]
[BlackTeam "Bajnok Sakkiskola"]
[WhiteTeamCountry "HUN"]
[BlackTeamCountry "HUN"]

1. d4 d5 2. Nf3 e6 3. Bf4 Nf6 4. Nbd2 c5 5. c3 Nc6 6. e3 Bd6 7. Bg5 h6 8. Bh4 cxd4 9. exd4 a6 10. Bd3 b5 11. a3 Na5 12. b4 Nc4 13. Nb3 Bd7 14. Nc5 g5 15. Bxc4 Bxc5 16. Bg3 dxc4 17. dxc5 Ne4 18. Qd4 Qf6 19. Be5 Qf5 20. Bxh8 0-0-0 21. 0-0-0 f6 22. c6 e5 23. Qb6 1-0

[Event "HUN-chT2 Barcza 1415"]
[Site "Hungary"]
[Date "2015.01.25"]
[Round "?"]
[White "Balo, Tamas"]
[Black "Karacsony, Zsolt"]
[Result "1-0"]
[WhiteElo "2132"]
[BlackElo "2046"]
[PlyCount "77"]
[EventDate "2014.09.07"]
[EventType "team-tourn"]
[EventRounds "11"]
[EventCountry "HUN"]
[SourceTitle "EXT 2016"]
[Source "ChessBase"]
[SourceDate "2015.10.08"]
[SourceVersion "1"]
[SourceVersionDate "2015.10.08"]
[SourceQuality "1"]
[WhiteTeam "Kazincbarcika"]
[BlackTeam "Sajobabony"]
[WhiteTeamCountry "HUN"]
[BlackTeamCountry "HUN"]

1. d4 Nf6 2. Bg5 e6 3. Nd2 Be7 4. e3 b6 5. f4 Bb7 6. Ngf3 Ne4 7. Nxe4 Bxe4 8. Bd3 Bxf3 9. Qxf3 d5 10. 0-0 f5 11. c4 c6 12. Bxe7 Qxe7 13. cxd5 cxd5 14. Bb5+ Nd7 15. Rac1 a6 16. Bxa6 0-0 17. Qe2 Nf6 18. Rc6 Rfb8 19. Rfc1 g6 20. a3 Ne4 21. Bc8 Nd6 22. Ba6 b5 23. R1c5 Qd7 24. Qe1 Ra7 25. Qc1 Kh8 26. Rc7 Rxc7 27. Rxc7 Qd8 28. Qc6 Ne4 29. Rc8 Rxc8 30. Qxc8 Qxc8 31. Bxc8 Nd6 32. Bxe6 Nc4 33. Bxd5 Nxb2 34. Bb3 Kg7 35. Kf1 Nd3 36. Bc2 Nb2 37. Bb3 Nd3 38. Bd1 Nb2 39. Be2 1-0

[Event "HUN-chT2 Barcza 1314"]
[Site "Hungary"]
[Date "2014.04.27"]
[Round "11"]
[White "Balo, Tamas"]
[Black "Kemendi, Daniel"]
[Result "1-0"]
[WhiteElo "2147"]
[BlackElo "1816"]
[PlyCount "51"]
[EventDate "2013.09.08"]
[EventType "team-tourn"]
[EventRounds "11"]
[EventCountry "HUN"]
[SourceTitle "EXT 2016"]
[Source "ChessBase"]
[SourceDate "2015.10.08"]
[SourceVersion "1"]
[SourceVersionDate "2015.10.08"]
[SourceQuality "1"]
[WhiteTeam "Kazincbarcika"]
[BlackTeam "Miskolc EMSE"]
[WhiteTeamCountry "HUN"]
[BlackTeamCountry "HUN"]

1. d4 Nf6 2. Bg5 d5 3. Bxf6 exf6 4. e3 c6 5. Bd3 Bd6 6. Nd2 0-0 7. Qf3 a5 8. Ne2 Na6 9. a3 b5 10. c3 Nc7 11. h4 h6 12. Ng3 Re8 13. 0-0 Rb8 14. Rfe1 Be6 15. e4 Qd7 16. Bc2 a4 17. e5 fxe5 18. dxe5 Be7 19. h5 Bg5 20. Qd3 Bxd2 21. Qxd2 Kf8 22. f4 Na6 23. f5 Qa7+ 24. Kh1 Bd7 25. Qf4 Qc7 26. f6 1-0

[Event "HUN-chT2 Barcza 1314"]
[Site "Hungary"]
[Date "2013.09.08"]
[Round "1"]
[White "Balo, Tamas"]
[Black "Kiss, Gergo"]
[Result "0-1"]
[WhiteElo "2147"]
[BlackElo "1869"]
[PlyCount "114"]
[EventDate "2013.09.08"]
[EventType "team-tourn"]
[EventRounds "11"]
[EventCountry "HUN"]
[SourceTitle "EXT 2016"]
[Source "ChessBase"]
[SourceDate "2015.10.08"]
[SourceVersion "1"]
[SourceVersionDate "2015.10.08"]
[SourceQuality "1"]
[WhiteTeam "Kazincbarcika"]
[BlackTeam "Nyiregyhaza"]
[WhiteTeamCountry "HUN"]
[BlackTeamCountry "HUN"]

1. d4 d5 2. Nf3 Bg4 3. Ne5 Bf5 4. c4 e6 5. Qb3 Nd7 6. Nxd7 Qxd7 7. Qxb7 Rd8 8. Nc3 Nf6 9. c5 c6 10. Qa6 Rb8 11. a3 Rb3 12. e3 Ne4 13. Na2 Rb8 14. Nb4 Bxc5 15. f3 Bxb4+ 16. axb4 Nd6 17. Qxa7 Qxa7 18. Rxa7 0-0 19. Bd2 Ra8 20. Ra5 Bc2 21. Kf2 Bb3 22. Bc3 Bc4 23. Bxc4 Nxc4 24. Rc5 Ra2 25. Rxc6 Nxb2 26. Kg3 Nc4 27. e4 Ne3 28. Ra1 Rxg2+ 29. Kf4 Nc4 30. exd5 exd5 31. Rc5 f5 32. h4 h6 33. h5 Rg5 34. Rxd5 Rxh5 35. Rd7 Rg5 36. Rc7 Nb6 37. Ra5 Rd8 38. Rcc5 Rg2 39. Rab5 Na4 40. Kxf5 Nxc3 41. Ra5 Rg5+ 42. Ke6 Rg6+ 43. Ke7 Rxd4 44. Rxc3 Rxb4 45. Rf5 Rb7+ 46. Kd8 Ra6 47. Rc7 Ra8+ 48. Kd7 Rxc7+ 49. Kxc7 Rf8 50. Rxf8+ Kxf8 51. Kd6 Kf7 52. Ke5 Kg6 53. Kf4 Kh5 54. Kg3 Kg5 55. f4+ Kf5 56. Kf3 h5 57. Kg3 Ke4 0-1

[Event "HUN-chT2 Barcza 1213"]
[Site "Hungary"]
[Date "2013.04.07"]
[Round "10.7"]
[White "Kovacs, Laszlo2222"]
[Black "Balo, Tamas"]
[Result "1/2-1/2"]
[WhiteElo "2071"]
[BlackElo "2151"]
[PlyCount "35"]
[EventDate "2012.09.16"]
[EventType "team-tourn"]
[EventRounds "11"]
[EventCountry "HUN"]
[SourceTitle "EXT 2014"]
[Source "ChessBase"]
[SourceDate "2013.11.20"]
[SourceVersion "1"]
[SourceVersionDate "2013.11.20"]
[SourceQuality "1"]
[WhiteTeam "Debrecen Sakkiskola"]
[BlackTeam "Kazincbarcika"]
[WhiteTeamCountry "HUN"]
[BlackTeamCountry "HUN"]

1. Nf3 e6 2. g3 b6 3. Bg2 Bb7 4. 0-0 Nf6 5. c4 Be7 6. d4 0-0 7. Nc3 Ne4 8. Qc2 Nxc3 9. Qxc3 d6 10. Qc2 f5 11. Rd1 Be4 12. Qb3 Nd7 13. Ne1 Nf6 14. c5 Bd5 15. Bxd5 Nxd5 16. cxd6 cxd6 17. Ng2 Qd7 18. Re1 1/2-1/2

[Event "HUN-chT2 Maroczy 1112"]
[Site "Hungary"]
[Date "2012.05.20"]
[Round "11"]
[White "Pal, Mihaly"]
[Black "Balo, Tamas"]
[Result "1-0"]
[WhiteElo "2028"]
[BlackElo "2137"]
[PlyCount "55"]
[EventDate "2011.09.25"]
[EventType "team-tourn"]
[EventRounds "11"]
[EventCountry "HUN"]
[SourceTitle "EXT 2013"]
[Source "ChessBase"]
[SourceDate "2012.11.22"]
[SourceVersion "1"]
[SourceVersionDate "2012.11.22"]
[SourceQuality "1"]
[WhiteTeam "Taban Spartacus"]
[BlackTeam "Kazincbarcika"]
[WhiteTeamCountry "HUN"]
[BlackTeamCountry "HUN"]

1. e4 e6 2. c4 d5 3. exd5 exd5 4. cxd5 Nf6 5. Bb5+ Bd7 6. Bc4 Bd6 7. Nf3 Qe7+ 8. Qe2 Bg4 9. Qxe7+ Kxe7 10. 0-0 Bxf3 11. gxf3 Rd8 12. d4 h6 13. Nc3 Nbd7 14. Ne4 Nb6 15. Nxd6 cxd6 16. b3 Rac8 17. Bd3 Nbxd5 18. Re1+ Kf8 19. Ba3 a5 20. Be4 b5 21. Bf5 Rc3 22. Rac1 Rxf3 23. Bxd6+ Kg8 24. Bb1 g5 25. Be5 Nc3 26. Bxf6 Rc8 27. Be5 Ne2+ 28. Kg2 1-0

[Event "HUN-chT2 Barcza 1011"]
[Site "Hungary"]
[Date "2011.04.17"]
[Round "9.5"]
[White "Molnar, Balazs"]
[Black "Balo, Tamas"]
[Result "1-0"]
[WhiteElo "2164"]
[BlackElo "2120"]
[PlyCount "43"]
[EventDate "2010.09.12"]
[EventType "team-tourn"]
[EventRounds "11"]
[EventCountry "HUN"]
[SourceTitle "EXT 2012"]
[Source "ChessBase"]
[SourceDate "2011.11.24"]
[SourceVersion "1"]
[SourceVersionDate "2011.11.24"]
[SourceQuality "1"]
[WhiteTeam "Hajduboszormeny"]
[BlackTeam "Kazincbarcika"]
[WhiteTeamCountry "HUN"]
[BlackTeamCountry "HUN"]

1. e4 e6 2. b3 d5 3. Bb2 Bd7 4. exd5 exd5 5. Nf3 Nc6 6. Be2 Nh6 7. 0-0 f6 8. Re1 Be6 9. Ba6 bxa6 10. Rxe6+ Kd7 11. Qe2 Bd6 12. Nc3 Qg8 13. Re1 Qf7 14. Qxa6 Nf5 15. Nxd5 Nd8 16. Nxf6+ gxf6 17. Rxf6 Qd5 18. Rxd6+ cxd6 19. Bxh8 Ne6 20. c4 Qd3 21. Qb7+ Nc7 22. Bc3 1-0

[Event "HUN-chT2 Barcza 0910"]
[Site "Hungary"]
[Date "2010.04.11"]
[Round "9.7"]
[White "Darai, Tihamer"]
[Black "Balo, Tamas"]
[Result "0-1"]
[WhiteElo "1786"]
[BlackElo "2120"]
[PlyCount "46"]
[EventDate "2009.11.08"]
[EventType "team-tourn"]
[EventRounds "11"]
[EventCountry "HUN"]
[SourceTitle "EXT 2011"]
[Source "ChessBase"]
[SourceDate "2010.11.26"]
[SourceVersion "1"]
[SourceVersionDate "2010.11.26"]
[SourceQuality "1"]
[WhiteTeam "Nyiregyhaza"]
[BlackTeam "Kazincbarcika"]
[WhiteTeamCountry "HUN"]
[BlackTeamCountry "HUN"]

1. e4 e6 2. d4 d5 3. Nd2 Nc6 4. c3 e5 5. Ngf3 exd4 6. Nxd4 Nxd4 7. cxd4 dxe4 8. Nxe4 Qe7 9. Bd3 f5 10. Bg5 Nf6 11. Bxf6 gxf6 12. Qh5+ Kd8 13. 0-0-0 fxe4 14. Rhe1 f5 15. f3 Qe8 16. Qxe8+ Kxe8 17. fxe4 fxe4 18. Bxe4 Kd8 19. Rf1 Bd6 20. Rf7 Be6 21. Rg7 Bxa2 22. Bxb7 Rb8 23. Bc6 Bf4+ 0-1

[Event "HUN-chT2 Barcza 0910"]
[Site "Hungary"]
[Date "2010.03.21"]
[Round "8.8"]
[White "Daroczy, Sandor"]
[Black "Balo, Tamas"]
[Result "0-1"]
[WhiteElo "1936"]
[BlackElo "2120"]
[PlyCount "166"]
[EventDate "2009.11.08"]
[EventType "team-tourn"]
[EventRounds "11"]
[EventCountry "HUN"]
[SourceTitle "EXT 2011"]
[Source "ChessBase"]
[SourceDate "2010.11.26"]
[SourceVersion "1"]
[SourceVersionDate "2010.11.26"]
[SourceQuality "1"]
[WhiteTeam "HSSE"]
[BlackTeam "Kazincbarcika"]
[WhiteTeamCountry "HUN"]
[BlackTeamCountry "HUN"]

1. e4 e6 2. d4 d5 3. Nd2 Nc6 4. Ngf3 Nf6 5. e5 Nd7 6. a4 f6 7. exf6 Qxf6 8. Nb3 Bd6 9. Bg5 Qf7 10. Bh4 0-0 11. Bd3 Qh5 12. Bg3 Bxg3 13. fxg3 e5 14. dxe5 Ndxe5 15. Be2 Ng4 16. Qd2 Rf6 17. h3 Nge5 18. 0-0-0 Ne7 19. Rhf1 c6 20. Rde1 Nxf3 21. Bxf3 Qf7 22. Nc5 Ng6 23. Qe2 Qf8 24. Qe8 b6 25. Qxf8+ Kxf8 26. Nd3 Ba6 27. Rf2 Bxd3 28. cxd3 Re8 29. Rfe2 Rxe2 30. Rxe2 Ne7 31. Kd2 Kf7 32. Bg4 Nf5 33. Bxf5 Rxf5 34. Kc3 Rf6 35. b4 Re6 36. Rf2+ Ke7 37. Kd4 Kd6 38. Rf7 c5+ 39. bxc5+ bxc5+ 40. Kc3 Re7 41. Rf8 Re3 42. Rd8+ Kc6 43. Rc8+ Kb6 44. Rd8 Rxg3 45. Rxd5 Rxg2 46. Rd7 h5 47. a5+ Kxa5 48. Rxa7+ Kb6 49. Re7 Kc6 50. Re4 Kd5 51. Re7 Kd6 52. Re4 Rg3 53. Rh4 Rg5 54. d4 Ke6 55. dxc5 Rxc5+ 56. Kd4 Re5 57. Rf4 Ra5 58. Rf8 Ra3 59. Ke4 Rxh3 60. Kf4 g6 61. Kg5 Rg3+ 62. Kh4 Rg4+ 63. Kh3 Ke5 64. Re8+ Kf5 65. Ra8 Re4 66. Rf8+ Kg5 67. Ra8 Re3+ 68. Kg2 Kf4 69. Kf2 Rb3 70. Ra4+ Kg5 71. Kg2 h4 72. Ra5+ Kg4 73. Ra4+ Kh5 74. Kh2 g5 75. Ra5 Rf3 76. Rb5 Kg4 77. Rb4+ Rf4 78. Rb3 Ra4 79. Rc3 Kf4 80. Kh3 Re4 81. Rc8 Re3+ 82. Kh2 Re2+ 83. Kh3 g4+ 0-1

[Event "HUN-chT2 Barcza 0910"]
[Site "Hungary"]
[Date "2009.12.20"]
[Round "4.3"]
[White "Balo, Tamas"]
[Black "Radics, Laszlo"]
[Result "0-1"]
[WhiteElo "2120"]
[BlackElo "2073"]
[PlyCount "112"]
[EventDate "2009.11.08"]
[EventType "team-tourn"]
[EventRounds "11"]
[EventCountry "HUN"]
[SourceTitle "EXT 2011"]
[Source "ChessBase"]
[SourceDate "2010.11.26"]
[SourceVersion "1"]
[SourceVersionDate "2010.11.26"]
[SourceQuality "1"]
[WhiteTeam "Kazincbarcika"]
[BlackTeam "Piremon"]
[WhiteTeamCountry "HUN"]
[BlackTeamCountry "HUN"]

1. d4 g6 2. e4 Bg7 3. Nc3 d6 4. Be3 c6 5. a3 Nf6 6. f3 0-0 7. Bc4 d5 8. Be2 dxe4 9. fxe4 Qa5 10. b4 Qc7 11. e5 Nd5 12. Qd2 a5 13. b5 Nd7 14. bxc6 bxc6 15. Bf3 N7b6 16. Be2 Nxc3 17. Qxc3 Nd5 18. Qd2 c5 19. c3 Ba6 20. Bxa6 Rxa6 21. Nf3 Rc6 22. 0-0 Nxe3 23. Qxe3 cxd4 24. cxd4 Rc3 25. Rac1 Rc8 26. Rxc3 Qxc3 27. Qf4 f6 28. Qe4 Rd8 29. Re1 Qxa3 30. d5 Qc5+ 31. Kh1 Qxd5 32. Qc2 fxe5 33. Ng5 Bf6 34. Ne4 Kg7 35. h3 Rd7 36. Nc5 Rd6 37. Ne4 Rc6 38. Qf2 Qd4 39. Qa2 a4 40. Nd2 Rd6 41. Nf3 Qb4 42. Rb1 Qf4 43. Rf1 e4 44. Nh2 Qg3 45. Qxa4 Be5 46. Ng4 Qd3 47. Re1 Bg3 48. Rc1 h5 49. Qa1+ Qd4 50. Ne3 Qxa1 51. Rxa1 Rd3 52. Nf1 Bf2 53. Ra2 e3 54. Kh2 Rd1 55. Ng3 Rd2 56. Ra7 e2 0-1

[Event "HUN-chT2 Barcza 0910"]
[Site "Hungary"]
[Date "2009.12.06"]
[Round "3.7"]
[White "Mizik, Zsolt"]
[Black "Balo, Tamas"]
[Result "1-0"]
[WhiteElo "2048"]
[BlackElo "2120"]
[PlyCount "107"]
[EventDate "2009.11.08"]
[EventType "team-tourn"]
[EventRounds "11"]
[EventCountry "HUN"]
[SourceTitle "EXT 2011"]
[Source "ChessBase"]
[SourceDate "2010.11.26"]
[SourceVersion "1"]
[SourceVersionDate "2010.11.26"]
[SourceQuality "1"]
[WhiteTeam "Tiszavasvar"]
[BlackTeam "Kazincbarcika"]
[WhiteTeamCountry "HUN"]
[BlackTeamCountry "HUN"]

1. e4 e6 2. d4 d5 3. exd5 exd5 4. Bd3 Nc6 5. c3 Bd6 6. Nf3 Bg4 7. h3 Bh5 8. g4 Bg6 9. Bxg6 hxg6 10. Qb3 Qe7+ 11. Be3 0-0-0 12. Nbd2 Bf4 13. 0-0-0 Bxe3 14. fxe3 f5 15. g5 Qxe3 16. Rde1 Qf4 17. Re6 Nge7 18. Rf1 Rd6 19. Ree1 Rxh3 20. Ng1 Qh4 21. Nxh3 Qxh3 22. Qd1 Rd8 23. Qf3 Qxf3 24. Nxf3 Kd7 25. Rh1 Nc8 26. Rh7 Rg8 27. b3 Nd6 28. Kc2 Ne4 29. a3 b6 30. Reh1 Ke7 31. Rh8 Kf7 32. Rxg8 Kxg8 33. Rh2 Nd8 34. c4 c6 35. Rg2 Ne6 36. a4 Nf4 37. Rg1 Nh3 38. Re1 Nhxg5 39. Nxg5 Nxg5 40. Re7 f4 41. cxd5 cxd5 42. Rxa7 Ne6 43. Kd3 f3 44. Rd7 Nxd4 45. Ke3 Nxb3 46. Rxd5 Nc5 47. a5 f2 48. Kxf2 Ne4+ 49. Ke3 Nf6 50. Rd8+ Kf7 51. a6 Ke7 52. Rb8 Nd5+ 53. Kd4 Nb4 54. Rxb6 1-0

[Event "HUN-chT U18"]
[Site "Miskolc"]
[Date "2008.10.28"]
[Round "3.5"]
[White "Balo, Tamas"]
[Black "Tesik, Csaba"]
[Result "0-1"]
[WhiteElo "2116"]
[BlackElo "2093"]
[PlyCount "96"]
[EventDate "2008.10.27"]
[EventType "team-swiss"]
[EventRounds "8"]
[EventCountry "HUN"]
[SourceTitle "EXT 2016"]
[Source "ChessBase"]
[SourceDate "2015.10.08"]
[SourceVersion "1"]
[SourceVersionDate "2015.10.08"]
[SourceQuality "1"]

1. d4 Nf6 2. Bg5 Ne4 3. Bf4 c5 4. f3 Qa5+ 5. c3 Nf6 6. Nd2 cxd4 7. Nb3 Qb6 8. Qxd4 Nc6 9. Qxb6 axb6 10. e4 d5 11. Nd2 e5 12. Bg3 Be6 13. exd5 Nxd5 14. Bf2 f6 15. Bc4 Kf7 16. Ne2 Bc5 17. Ne4 Bxf2+ 18. Kxf2 Rhd8 19. Rhd1 Ke7 20. N4g3 Nxc3 21. Rxd8 Rxd8 22. bxc3 Bxc4 23. Rb1 b5 24. Nf5+ Ke6 25. Ne3 Bd3 26. Rb2 Kd6 27. Nc1 Kc5 28. a4 bxa4 29. Rxb7 Bg6 30. h4 Rb8 31. Rd7 Rb1 32. Ne2 Rb3 33. Rd5+ Kb6 34. Nc4+ Kc7 35. Nd2 Rb2 36. Nc4 Ra2 37. Nd6 a3 38. c4 Nb4 39. Rd1 Nd3+ 40. Ke3 Kxd6 41. h5 Bxh5 42. Rxd3+ Kc5 43. Nc1 Rc2 44. Rd5+ Kxc4 45. Rd8 a2 46. Ra8 Rxc1 47. Rc8+ Kb3 48. Rxc1 Kb2 0-1

[Event "HUN-chT2 Barcza 0708"]
[Site "Hungary"]
[Date "2008.04.27"]
[Round "10"]
[White "Boros, Laszlo"]
[Black "Balo, Tamas"]
[Result "0-1"]
[WhiteElo "1986"]
[BlackElo "2025"]
[PlyCount "108"]
[EventDate "2007.10.14"]
[EventType "team"]
[EventRounds "11"]
[EventCountry "HUN"]
[SourceTitle "EXT 2009"]
[Source "ChessBase"]
[SourceDate "2008.11.26"]
[SourceVersion "1"]
[SourceVersionDate "2008.11.26"]
[SourceQuality "1"]
[WhiteTeam "Tiszavasvar"]
[BlackTeam "Kazincbarcika II"]
[WhiteTeamCountry "HUN"]
[BlackTeamCountry "HUN"]

1. d4 e6 2. c4 b6 3. Nc3 Bb4 4. e4 Bb7 5. Bd3 f5 6. Qh5+ g6 7. Qe2 Nf6 8. Bg5 fxe4 9. Bxe4 Bxe4 10. Bxf6 Qxf6 11. Qxe4 0-0 12. Nf3 Bxc3+ 13. bxc3 Nc6 14. 0-0 Qf5 15. Qe3 Rae8 16. Rae1 Re7 17. Ne5 Nxe5 18. Qxe5 Qxe5 19. Rxe5 Rf4 20. Rfe1 Ref7 21. f3 R7f5 22. Kf2 Kf7 23. a4 Rxe5 24. Rxe5 d6 25. Re4 Rf5 26. Re2 Ra5 27. Ra2 a6 28. Ke3 b5 29. cxb5 axb5 30. Kd3 Kf6 31. f4 Kf5 32. Ke3 Rxa4 33. Rb2 c6 34. h3 h5 35. g3 Ra3 36. Kd3 Ra1 37. Ke3 Rh1 38. g4+ hxg4 39. hxg4+ Kxg4 40. Rg2+ Kf5 41. Rg3 Rc1 42. Rg5+ Kf6 43. Kd2 Rf1 44. Ke3 e5 45. dxe5+ dxe5 46. Rxe5 Re1+ 47. Kd4 Rxe5 48. fxe5+ Ke6 49. Kc5 g5 50. Kxc6 g4 51. Kxb5 g3 52. c4 g2 53. c5 g1Q 54. c6 Qa7 0-1